| Tag |
First Indicator |
Second Indicator |
Subfields |
| LEADER |
00000cam a2200000 i 4500 |
| 001 |
in00004593607 |
| 006 |
m o d f |
| 007 |
cr b|||||||ada |
| 008 |
101115s1972 wiua ob f000 0 eng c |
| 005 |
20221217192055.4 |
| 019 |
|
|
|a 156937594
|a 625529416
|
| 035 |
|
|
|a (OCoLC)ocn681378897
|
| 040 |
|
|
|a OCLCE
|b eng
|e rda
|e pn
|c OCLCE
|d OCLCQ
|d AGL
|d OCLCO
|d OCLCQ
|d OCLCF
|d OCLCQ
|d OCLCO
|d GPO
|d MvI
|
| 042 |
|
|
|a dlr
|a pcc
|
| 049 |
|
|
|a WWW
|
| 050 |
|
4 |
|a TS800
|b .U53 no.168
|
| 074 |
|
|
|a 0083-B (online)
|
| 086 |
0 |
|
|a A 13.78:FPL-168
|
| 100 |
1 |
|
|a Suddarth, Stanley K.,
|e author.
|
| 245 |
1 |
2 |
|a A computerized wood engineering system :
|b Purdue plane structures analyzer /
|c by Stanley K. Suddarth.
|
| 246 |
3 |
0 |
|a Purdue plane structures analyzer
|
| 264 |
|
1 |
|a Madison, Wis. :
|b U.S. Department of Agriculture, Forest Service, Forest Products Laboratory,
|c 1972.
|
| 300 |
|
|
|a 1 online resource (ii, 50 pages) :
|b illustrations.
|
| 336 |
|
|
|a text
|b txt
|2 rdacontent
|
| 337 |
|
|
|a computer
|b c
|2 rdamedia
|
| 338 |
|
|
|a online resource
|b cr
|2 rdacarrier
|
| 490 |
1 |
|
|a U.S.D.A. Forest Service research paper FPL ;
|v 168
|
| 504 |
|
|
|a Includes bibliographical references (page 35).
|
| 500 |
|
|
|a GPO Cataloging Record Distribution Program (CRDP).
|
| 588 |
0 |
|
|a Description based on online resource, PDF version; title from cover (FPL, viewed August 8, 2022).
|
| 650 |
|
0 |
|a Building, Wooden
|x Testing.
|
| 650 |
|
0 |
|a Building, Wooden
|x Data processing.
|
| 650 |
|
7 |
|a Wood
|x Testing.
|2 fast
|0 (OCoLC)fst01179252
|
| 710 |
2 |
|
|a Forest Products Laboratory (U.S.),
|e issuing body.
|
| 776 |
0 |
8 |
|i Print version:
|a Suddarth, Stanley K.
|t Computerized wood engineering system.
|d Madison, Wis. : U.S. Dept. of Agriculture, Forest Service, Forest Products Laboratory, 1972
|w (OCoLC)10152376
|
| 830 |
|
0 |
|a U.S.D.A. Forest Service research paper FPL ;
|v 168.
|
| 856 |
4 |
0 |
|u https://purl.fdlp.gov/GPO/gpo185356
|t 0
|
| 999 |
f |
f |
|s e44db168-bdaa-41c3-9ad3-a0897961456c
|i 36418b57-4d36-4d28-8714-da170899cb3b
|t 0
|
| 952 |
f |
f |
|a Texas A&M University
|b College Station
|c Electronic Resources
|d Available Online
|t 0
|e A 13.78:FPL-168
|h Superintendent of Documents classification
|
| 998 |
f |
f |
|a A 13.78:FPL-168
|t 0
|l Available Online
|